banner koha

Effects of silicon and drought stress on biochemical characteristics of leaves of upland rice cultivars (Registro n. 251059)

MARC details
000 -LÍDER
campo de controle de tamanho fixo 00962nas a2200325 4500
001 - NÚMERO DE CONTROLE
campo de controle BR2016004429
003 - IDENTIFICADOR DO NÚMERO DE CONTROLE
campo de controle BR-BrBNA
005 - DATA E HORÁRIO DA ÚLTIMA TRANSAÇÃO
campo de controle 20231205130746.0
007 - CAMPO FIXO DE DESCRIÇÃO FÍSICA--INFORMAÇÃO GERAL
campo de controle de tamanho fixo ta
008 - CAMPO DE DADOS FIXOS--INFORMAÇÃO GERAL
campo de controle de tamanho fixo 230509b bl.|||p| |||| 00| 00por d
040 ## - FONTE DA CATALOGAÇÃO
Instituição da catalogação original BR-BrBNA
Idioma da catalogação por
Instituição que transcreveu o registro Biblioteca Nacional de Agricultura
041 ## - CÓDIGO DE IDIOMA
Código do idioma do texto/trilha sonora ou título diferente (En)
072 ## - CÓDIGO DE CATEGORIA DE ASSUNTO
Código de Categoria de Assunto F61; F60
100 1# - ENTRADA PRINCIPAL--NOME PESSOAL
Nome pessoal Mauad, M.
100 1# - ENTRADA PRINCIPAL--NOME PESSOAL
Nome pessoal Crusciol, C.A.C.
100 1# - ENTRADA PRINCIPAL--NOME PESSOAL
Nome pessoal Nascente, A.S.
100 1# - ENTRADA PRINCIPAL--NOME PESSOAL
Nome pessoal Grassi Filho, H.
100 1# - ENTRADA PRINCIPAL--NOME PESSOAL
Nome pessoal Lima, G.P.P.
245 1# - TÍTULO
Título Effects of silicon and drought stress on biochemical characteristics of leaves of upland rice cultivars
650 ## - ASSUNTO--TERMO TÓPICO
Cabeçalho tópico ou nome geográfico ARROZ
650 ## - ASSUNTO--TERMO TÓPICO
Cabeçalho tópico ou nome geográfico FOLHA
650 ## - ASSUNTO--TERMO TÓPICO
Cabeçalho tópico ou nome geográfico ANÁLISE FOLIAR
650 ## - ASSUNTO--TERMO TÓPICO
Cabeçalho tópico ou nome geográfico BIOQUÍMICA VEGETAL
650 ## - ASSUNTO--TERMO TÓPICO
Cabeçalho tópico ou nome geográfico SILÍCIO
650 ## - ASSUNTO--TERMO TÓPICO
Cabeçalho tópico ou nome geográfico DEFICIÊNCIA HÍDRICA
650 ## - ASSUNTO--TERMO TÓPICO
Cabeçalho tópico ou nome geográfico STRESS
773 0# - ENTRADA ANALÍTICA
Título Revista Ciência Agronômica (Brazil)
ISSN - International Standard Serial Number ISSN 0045-6888
Partes relacionadas , v. 47(3) p. 532-539
Número de controle do registro BR2016004429
909 ## -
-- 202311
-- Lúcia
-- 55
-- Lúcia Elande
942 ## - ELEMENTOS DE ENTRADA ADICIONADOS (KOHA)
Fonte da classificação ou esquema de arquivamento na estante Classificação AGRIS
Ocultar no OPAC Não
Tipo de material Koha Analítica
Exemplares
Situação do descarte Fonte da classificação ou esquema de arquivamento na estante Situação física Não pode ser emprestado Biblioteca de origem Biblioteca atual Localização na estante Enumeração do periódico / cronologia Total de empréstimos Data de último acesso Número do exemplar Tipo de material Koha Fonte de aquisição
  Classificação AGRIS   Consulta local Biblioteca Nacional de Agricultura - Binagri Biblioteca Nacional de Agricultura - Binagri   , v. 47(3) p. 532-539   29/11/2023 01 Periódicos Portaria Interministerial nº 164/94

BINAGRI

Telefone: (61)3218-2567/2388/3357/2097 - binagri@agro.gov.br

Ministério da Agricultura e Pecuária , Esplanada dos Ministérios, Bloco D, Anexo B, Brasília/DF, CEP: 70.043-900